Approaches to Islam. (Record no. 130)

MARC details
000 -LEADER
fixed length control field 00337nam a22001217a 4500
005 - DATE AND TIME OF LATEST TRANSACTION
control field 20200810104713.0
008 - FIXED-LENGTH DATA ELEMENTS--GENERAL INFORMATION
fixed length control field 200810b ||||| |||| 00| 0 eng d
020 ## - INTERNATIONAL STANDARD BOOK NUMBER
International Standard Book Number 0719539145
040 ## - CATALOGING SOURCE
Transcribing agency CML
245 ## - TITLE STATEMENT
Title Approaches to Islam.
Statement of responsibility, etc. Tames R.
260 ## - PUBLICATION, DISTRIBUTION, ETC.
Place of publication, distribution, etc. London
Name of publisher, distributor, etc. John Murray
Date of publication, distribution, etc. 1982
942 ## - ADDED ENTRY ELEMENTS (KOHA)
Source of classification or shelving scheme Dewey Decimal Classification
Koha item type Books
Edition 1st Edition
Classification part 297
Call number suffix TAM
Holdings
Withdrawn status Lost status Source of classification or shelving scheme Damaged status Not for loan Collection code Home library Current library Shelving location Date acquired Total Checkouts Full call number Date last seen Copy number Price effective from Koha item type
    Dewey Decimal Classification     Religion Chalimbana Main Library Chalimbana Main Library Religion 08/10/2020   297 TAM 08/10/2020 1 08/10/2020 Books

Powered by Koha